| 000 | nam a22 7a 4500 | ||
|---|---|---|---|
| 999 |
_c329621 _d329621 |
||
| 003 | NUST | ||
| 005 | 20170616103634.0 | ||
| 008 | 170516b xxu||||| |||| 00| 0 eng d | ||
| 020 | _a9789693513622 | ||
| 040 | _cNUST | ||
| 082 |
_a891.4393 _bBUT |
||
| 100 |
_aButt, Razia _9852 |
||
| 245 |
_aFaslay _cby Razia Butt |
||
| 260 |
_aLahore: _bSang-e- Meel Publications _c2008 |
||
| 300 | _a384 p. | ||
| 650 |
_aUrdu Literature _9347 |
||
| 880 |
_6100-01\(3\r _aرضیہ بٹ |
||
| 880 |
_6245-02\(3\r _aفاصلے _cرضیہ بٹ |
||
| 880 |
_6260-03\(3\r _aلاہور: _bسنگ میل پبلی کیشنز، _c2008 |
||
| 942 |
_2ddc _cBK |
||